[Event "Laval op"]
[Site "Laval CAN"]
[Date "2016.06.24"]
[Round "2.5"]
[White "Trahan, Daniel"]
[Black "Libersan, Thierry"]
[Result "1/2-1/2"]
[WhiteElo "1962"]
[BlackElo "2043"]
[PlyCount "116"]
[EventDate "2016.06.23"]
[EventType "swiss"]
[EventRounds "7"]
[EventCountry "CAN"]

1. d4 d5 2. c4 e6 3. Nc3 Nf6 4. cxd5 exd5 5. Bg5 Be7 6. e3 O-O 7. Bd3 c6 8. Qc2
Nbd7 9. Nf3 Re8 10. O-O Nf8 11. h3 g6 12. Rab1 Ne6 13. Bh6 Ng7 14. Bxg7 Kxg7
15. b4 a6 16. a4 Bd6 17. b5 axb5 18. axb5 Bd7 19. bxc6 bxc6 20. Na4 Ne4 21. Nb6
Ra7 22. Nc4 dxc4 23. Bxe4 Rxe4 24. Qxe4 Bf5 25. Qxc6 Bxb1 26. Rxb1 Rc7 27. Qa4
c3 28. Ne1 Qc8 29. Rc1 Qb7 30. Qc2 f5 31. Rb1 Qa6 32. Nd3 h5 33. Ne1 Qc4 34.
Rb3 Kh6 35. Nd3 Qxd3 36. Qxd3 c2 37. Qxc2 Rxc2 38. Rb1 Ba3 39. Rb3 Bd6 40. Rb1
h4 41. Kf1 Kg5 42. Rb6 Bc7 43. Ra6 Kh5 44. Ke1 Rb2 45. Rc6 Ba5+ 46. Kf1 Bb4 47.
Rb6 Ba3 48. Ra6 Be7 49. Re6 Bb4 50. Rb6 g5 51. Rf6 Rb1+ 52. Ke2 Rg1 53. Rxf5
Rxg2 54. Kf1 Rh2 55. Kg1 Rxh3 56. Kg2 Kg4 57. Rxg5+ Kxg5 58. Kxh3 Be7 1/2-1/2

[Event "Laval op"]
[Site "Laval CAN"]
[Date "2016.06.24"]
[Round "2.6"]
[White "Eshleman, Brandon"]
[Black "Tanaka, Tyler"]
[Result "0-1"]
[WhiteElo "2043"]
[BlackElo "1483"]
[PlyCount "56"]
[EventDate "2016.06.23"]
[EventType "swiss"]
[EventRounds "7"]
[EventCountry "CAN"]

1. e4 c5 2. d4 cxd4 3. c3 d3 4. Bxd3 Nc6 5. f4 d6 6. Nf3 g6 7. Be3 Bg7 8. O-O
Nf6 9. h3 O-O 10. Nbd2 a6 11. a4 Rb8 12. Qe2 b6 13. Bxa6 Bxa6 14. Qxa6 e5 15.
Rad1 Qc7 16. Rfe1 d5 17. fxe5 Nxe4 18. Nxe4 dxe4 19. Nd2 Nxe5 20. Nxe4 Nc4 21.
Qb5 Nxe3 22. Rxe3 Rbd8 23. Red3 Rxd3 24. Qxd3 Re8 25. Qd6 Qxd6 26. Nxd6 Rd8 27.
Rd2 Bh6 28. Nxf7 Be3+ 0-1

[Event "Laval op"]
[Site "Laval CAN"]
[Date "2016.06.24"]
[Round "2.7"]
[White "Steinberg, Ellis"]
[Black "Mathieu, Guillaume"]
[Result "1/2-1/2"]
[WhiteElo "1581"]
[BlackElo "2037"]
[PlyCount "130"]
[EventDate "2016.06.23"]
[EventType "swiss"]
[EventRounds "7"]
[EventCountry "CAN"]

1. e4 d6 2. d4 g6 3. Nc3 Bg7 4. f4 Nf6 5. Nf3 O-O 6. Bd3 c5 7. e5 dxe5 8. dxe5
Nd5 9. Nxd5 Qxd5 10. Qe2 Nc6 11. Bc4 Qd8 12. e6 Nd4 13. exf7+ Kh8 14. Nxd4 cxd4
15. Bd2 Qb6 16. Rb1 Bf5 17. Kd1 Rac8 18. h3 Rxc4 19. Qxc4 Rc8 20. Qd5 Bxc2+ 21.
Ke2 Rd8 22. Qc4 d3+ 23. Kf3 Qc6+ 24. Qxc6 bxc6 25. Rbe1 Bf6 26. Re6 Kg7 27.
Rxc6 Bxb2 28. Rc7 Kxf7 29. Re1 Ba3 30. Rxa7 Bc5 31. Ra5 Bd6 32. Rb5 Ra8 33. Ra1
Bc7 34. Ke3 Ra6 35. Bc3 Bb6+ 36. Kd2 Bc7 37. g3 h6 38. a4 Rxa4 39. Rxa4 Bxa4
40. Rb7 Bd6 41. Kxd3 Bc6 42. Rb6 Bg2 43. h4 Bc7 44. Rb2 Bf3 45. Ke3 Bg4 46. Rb7
Bd6 47. Bb4 Bxb4 48. Rxb4 Kf6 49. Rb5 e6 50. Re5 Bf5 51. Kd4 Bh3 52. Kc5 Bg4
53. Kd6 Bf5 54. Ra5 g5 55. fxg5+ hxg5 56. g4 gxh4 57. gxf5 exf5 58. Ra4 Kg5 59.
Ke5 h3 60. Ra8 Kg4 61. Rg8+ Kf3 62. Rh8 Kg2 63. Rg8+ Kf3 64. Rh8 Kg2 65. Kf4 h2
1/2-1/2

[Event "Laval op"]
[Site "Laval CAN"]
[Date "2016.06.24"]
[Round "2.8"]
[White "Soudre, Nicolas"]
[Black "Gil, Bernardo"]
[Result "1/2-1/2"]
[WhiteElo "2084"]
[BlackElo "1547"]
[PlyCount "112"]
[EventDate "2016.06.23"]
[EventType "swiss"]
[EventRounds "7"]
[EventCountry "CAN"]

1. e4 e6 2. d4 d5 3. Nc3 Nf6 4. Bg5 dxe4 5. Nxe4 Be7 6. Bxf6 gxf6 7. Nf3 f5 8.
Nc3 a6 9. d5 c6 10. dxe6 Qxd1+ 11. Rxd1 Bxe6 12. Bd3 c5 13. O-O Nc6 14. Rfe1
O-O-O 15. a3 c4 16. Bf1 b5 17. Ne2 Rxd1 18. Rxd1 Rd8 19. Rxd8+ Kxd8 20. g3 Bf6
21. c3 a5 22. Nf4 Ke7 23. a4 b4 24. Nxe6 fxe6 25. Bxc4 bxc3 26. bxc3 Bxc3 27.
Ng5 e5 28. Nxh7 Bd2 29. h4 Nd4 30. Kf1 Kd6 31. Nf6 Kc5 32. Bf7 Kb4 33. Be8 Ne6
34. Bg6 Nc5 35. Bxf5 Nxa4 36. Nd7 Bc3 37. Ke2 Nb2 38. Be6 a4 39. Nb6 a3 40. Ba2
Bd4 41. Nd5+ Kc5 42. Ne3 Na4 43. Nd1 Nb6 44. f3 Nd5 45. h5 Nb4 46. Bb3 a2 47.
Bxa2 Nxa2 48. h6 Kd5 49. h7 e4 50. Ne3+ Ke6 51. fxe4 Kf7 52. Nf5 Be5 53. Kd3
Kg6 54. Kc4 Kxh7 55. Kd5 Ba1 56. Ke6 Nc3 1/2-1/2

[Event "Laval op"]
[Site "Laval CAN"]
[Date "2016.06.24"]
[Round "2.9"]
[White "Have, Didier"]
[Black "Gauthier, Denis"]
[Result "1-0"]
[WhiteElo "1974"]
[BlackElo "1849"]
[PlyCount "131"]
[EventDate "2016.06.23"]
[EventType "swiss"]
[EventRounds "7"]
[EventCountry "CAN"]

1. e4 c5 2. Nc3 Nc6 3. Bb5 e6 4. f4 Nge7 5. Nf3 a6 6. Bxc6 Nxc6 7. O-O d6 8. d3
Be7 9. a4 O-O 10. b3 Bf6 11. Bb2 Nd4 12. Kh1 Qa5 13. e5 Be7 14. exd6 Bxd6 15.
Ne4 Qc7 16. Nxd4 cxd4 17. Bxd4 Bxf4 18. Bxg7 Kxg7 19. Qg4+ Kh8 20. Qxf4 Qxf4
21. Rxf4 f5 22. Nd6 e5 23. Rb4 Rf6 24. Nc4 e4 25. dxe4 fxe4 26. Re1 Rb8 27. Ne3
Re6 28. Rd4 Re8 29. Nd5 Bf5 30. Ne3 Bg6 31. Red1 Rbc8 32. Rd7 Rc3 33. Re1 b6
34. Ra7 Rd8 35. Kg1 a5 36. Rb7 Rd6 37. Nc4 Re6 38. Ne3 Rd6 39. h3 h5 40. g4
hxg4 41. hxg4 Re6 42. Re2 Rec6 43. Rd2 Rc7 44. Rxb6 Rxe3 45. Rxg6 Rec3 46. Rh2+
Rh7 47. Rxh7+ Kxh7 48. Re6 Rxc2 49. Rxe4 Rc3 50. b4 axb4 51. Rxb4 Kg6 52. Kf2
Kg5 53. Ke2 Ra3 54. Kd2 Rg3 55. Kc2 Rg2+ 56. Kb3 Rg3+ 57. Ka2 Rg2+ 58. Ka3 Rg3+
59. Rb3 Rxg4 60. a5 Kf6 61. a6 Rg8 62. a7 Ra8 63. Rb7 Ke6 64. Kb4 Kd5 65. Kb5
Kd6 66. Kb6 1-0

[Event "Laval op"]
[Site "Laval CAN"]
[Date "2016.06.24"]
[Round "2.10"]
[White "Gauthier, Luc"]
[Black "Huang, Qiuyu"]
[Result "0-1"]
[WhiteElo "1805"]
[BlackElo "1964"]
[PlyCount "46"]
[EventDate "2016.06.23"]
[EventType "swiss"]
[EventRounds "7"]
[EventCountry "CAN"]

1. e4 c5 2. Nc3 Nc6 3. g3 g6 4. Bg2 Bg7 5. d3 d6 6. f4 e5 7. Nf3 Nge7 8. O-O
O-O 9. Be3 Qb6 10. Rb1 f5 11. Qd2 Bd7 12. a3 a5 13. Kh1 Nd4 14. fxe5 dxe5 15.
Bh6 Nxf3 16. Bxf3 f4 17. Bxg7 Kxg7 18. Ne2 g5 19. Qc3 Qf6 20. gxf4 exf4 21. e5
Qe6 22. Rg1 h6 23. h4 Qh3# 0-1

[Event "Laval op"]
[Site "Laval CAN"]
[Date "2016.06.24"]
[Round "2.12"]
[White "Langlois-Remillard, Alexis"]
[Black "Pomerantz, Daniel"]
[Result "1-0"]
[WhiteElo "1797"]
[BlackElo "1933"]
[PlyCount "121"]
[EventDate "2016.06.23"]
[EventType "swiss"]
[EventRounds "7"]
[EventCountry "CAN"]

1. b3 c5 2. Bb2 Nc6 3. e3 d5 4. Bb5 Qc7 5. Nf3 Bg4 6. Be5 Bxf3 7. Bxc7 Bxd1 8.
Kxd1 Kd7 9. Bg3 e6 10. Nc3 Bd6 11. Na4 Nf6 12. c4 Bxg3 13. hxg3 Kd6 14. cxd5
exd5 15. Rc1 Nd7 16. g4 a6 17. Bxc6 Kxc6 18. Nxc5 Nxc5 19. d4 b6 20. b4 h6 21.
dxc5 b5 22. Ke2 a5 23. a3 axb4 24. axb4 Ra2+ 25. Kf3 Rha8 26. Rhd1 Rb2 27. Rb1
Raa2 28. Rxb2 Rxb2 29. Rd4 f6 30. Kg3 Re2 31. e4 dxe4 32. Rd6+ Kc7 33. Rb6 e3
34. fxe3 Rxe3+ 35. Kf4 Re2 36. Kf3 Rb2 37. Rxb5 Rb3+ 38. Kf4 Rb2 39. g3 Rf2+
40. Ke3 Rg2 41. Kf3 Rb2 42. Rb6 Rc2 43. Re6 Kd7 44. Re2 Rc3+ 45. Re3 Rc4 46.
Re4 Rc1 47. Kf4 Rf1+ 48. Ke3 Rc1 49. Kd2 Rg1 50. b5 Rb1 51. b6 Kc6 52. Rc4 Rb3
53. Kc2 Rxg3 54. Rb4 Rg2+ 55. Kc3 Rg3+ 56. Kd2 Rg2+ 57. Kd3 Kxc5 58. b7 Kxb4
59. b8=Q+ Kc5 60. Qc7+ Kb4 61. Qb7+ 1-0

[Event "Laval op"]
[Site "Laval CAN"]
[Date "2016.06.24"]
[Round "2.13"]
[White "Durette, Francis"]
[Black "Lesage, Philippe"]
[Result "1-0"]
[WhiteElo "1897"]
[BlackElo "1802"]
[PlyCount "75"]
[EventDate "2016.06.23"]
[EventType "swiss"]
[EventRounds "7"]
[EventCountry "CAN"]

1. e4 c5 2. Nf3 g6 3. d4 cxd4 4. Nxd4 Nc6 5. c4 Bg7 6. Be3 Nh6 7. Nc3 O-O 8.
Be2 f5 9. exf5 Nxd4 10. Bxd4 Bxd4 11. Qxd4 Nxf5 12. Qd2 d6 13. O-O e5 14. Qd5+
Kg7 15. c5 Re8 16. Rad1 Nd4 17. cxd6 Re6 18. Bg4 Rxd6 19. Qxe5+ Kg8 20. Bxc8
Rxc8 21. Kh1 Nf5 22. Rxd6 Qxd6 23. Qe4 Qc6 24. Qb4 Qc4 25. Qxc4+ Rxc4 26. g3
Rd4 27. Rd1 Kf7 28. Rxd4 Nxd4 29. Kg2 Ke6 30. f4 a6 31. Ne4 Ke7 32. Nc5 Ne2 33.
Nxb7 Nc1 34. Nc5 a5 35. a3 Kd8 36. Nb7+ Kc7 37. Nxa5 Kb6 38. b4 1-0

[Event "Laval op"]
[Site "Laval CAN"]
[Date "2016.06.24"]
[Round "2.14"]
[White "Chevalier, Francois"]
[Black "Morin, Louis"]
[Result "1/2-1/2"]
[WhiteElo "1768"]
[BlackElo "1894"]
[PlyCount "79"]
[EventDate "2016.06.23"]
[EventType "swiss"]
[EventRounds "7"]
[EventCountry "CAN"]

1. d4 d5 2. Bf4 e6 3. e3 Nf6 4. Nd2 Bd6 5. Bg3 O-O 6. c3 Re8 7. Bd3 e5 8. dxe5
Bxe5 9. Bxe5 Rxe5 10. Ngf3 Re8 11. Qc2 Nbd7 12. O-O Nc5 13. Rad1 Nxd3 14. Qxd3
Bg4 15. Rc1 Qe7 16. Qd4 c5 17. Qf4 h6 18. Rfe1 g5 19. Qg3 Qe6 20. h3 Bf5 21. b4
Ne4 22. Nxe4 dxe4 23. Nh2 Qxa2 24. Qd6 Qe6 25. Qxc5 b6 26. Qb5 a6 27. Qe2 Red8
28. Red1 Rd3 29. Rxd3 exd3 30. Qd2 Be4 31. f3 Bh7 32. e4 f5 33. Qxd3 fxe4 34.
fxe4 Bxe4 35. Qd4 Qc6 36. Ng4 Bxg2 37. Nxh6+ Kh7 38. Nf5 Ra7 39. Qg4 Bf3 40.
Qxg5 1/2-1/2

[Event "Laval op"]
[Site "Laval CAN"]
[Date "2016.06.24"]
[Round "2.15"]
[White "Johnson-Constantin, Matthieu"]
[Black "Beaulieu, Pierre"]
[Result "1/2-1/2"]
[WhiteElo "1869"]
[BlackElo "1781"]
[PlyCount "99"]
[EventDate "2016.06.23"]
[EventType "swiss"]
[EventRounds "7"]
[EventCountry "CAN"]

1. d4 Nf6 2. c4 g6 3. Nc3 Bg7 4. e4 d6 5. f3 Nbd7 6. Be3 e5 7. d5 a5 8. Bd3 Nc5
9. Bc2 Bd7 10. a3 Rb8 11. Qd2 O-O 12. Nge2 Ne8 13. O-O-O f5 14. b4 axb4 15.
axb4 Na6 16. Na4 b5 17. cxb5 Bxb5 18. Nec3 Nxb4 19. Nxb5 Rxb5 20. Bb3 Qa8 21.
Kb2 fxe4 22. Nc3 Rb7 23. fxe4 Kh8 24. Ra1 Qb8 25. Ra3 c5 26. dxc6 Nxc6 27. Ka2
Nd4 28. Bd5 Ra7 29. Rb1 Rxa3+ 30. Kxa3 Qa7+ 31. Na4 Nf6 32. Bxd4 Qxd4 33. Qxd4
exd4 34. Nb6 Ng4 35. Nc4 Rd8 36. Nxd6 Rxd6 37. Rb8+ Bf8 38. Rxf8+ Kg7 39. Rf7+
Kh6 40. Kb4 d3 41. Kc3 Ne3 42. Kxd3 Nxd5 43. exd5 Rxd5+ 44. Ke3 g5 45. g4 Kg6
46. Rf3 Rc5 47. h3 h5 48. Kf2 Rc4 49. gxh5+ Kxh5 50. Kg3 1/2-1/2

[Event "Laval op"]
[Site "Laval CAN"]
[Date "2016.06.24"]
[Round "2.16"]
[White "Saha, Ananda"]
[Black "Lafleche, Alain"]
[Result "1-0"]
[WhiteElo "1845"]
[BlackElo "1719"]
[PlyCount "73"]
[EventDate "2016.06.23"]
[EventType "swiss"]
[EventRounds "7"]
[EventCountry "CAN"]

1. d4 d5 2. c4 Nc6 3. Nc3 dxc4 4. Nf3 Bg4 5. e3 e5 6. d5 Bxf3 7. gxf3 Na5 8.
Qa4+ c6 9. b4 b5 10. Qxa5 Qxa5 11. bxa5 b4 12. dxc6 bxc3 13. Rb1 Bc5 14. Bxc4
Ne7 15. Rb5 Bd6 16. O-O O-O 17. Rd1 Rfd8 18. Rd3 Nxc6 19. Rxc3 Nxa5 20. Rxa5
Bb4 21. Bxf7+ Kh8 22. Rac5 Bxc5 23. Rxc5 Rdc8 24. Ba3 g6 25. Rxe5 Kg7 26. Bb3
a5 27. Bb2 Kh6 28. Bd4 a4 29. Bd5 Rab8 30. Kg2 Rc7 31. Re6 Rb5 32. e4 Kh5 33.
Be3 h6 34. Re5+ Kh4 35. Bxh6 Rc2 36. Bg5+ Kh5 37. Bf4+ 1-0

[Event "Laval op"]
[Site "Laval CAN"]
[Date "2016.06.24"]
[Round "3.1"]
[White "Oussedik, Elias"]
[Black "Turcotte, Jonathan"]
[Result "1/2-1/2"]
[WhiteElo "2218"]
[BlackElo "1975"]
[PlyCount "45"]
[EventDate "2016.06.23"]
[EventType "swiss"]
[EventRounds "7"]
[EventCountry "CAN"]

1. d4 d5 2. c4 c6 3. Nc3 Nf6 4. e3 e6 5. Nf3 Nbd7 6. Qc2 Bd6 7. b3 O-O 8. Bb2
b6 9. Bd3 Bb7 10. O-O Rc8 11. Qe2 Re8 12. Rfd1 Qe7 13. Rac1 c5 14. cxd5 exd5
15. Bf5 Rcd8 16. Qc2 g6 17. Bh3 a6 18. Na4 c4 19. Ne5 b5 20. Nxd7 Nxd7 21. Bxd7
Rxd7 22. Nc5 Rc7 23. Qd2 1/2-1/2

[Event "Laval op"]
[Site "Laval CAN"]
[Date "2016.06.24"]
[Round "3.2"]
[White "Tanaka, Tyler"]
[Black "Larochelle, Martial"]
[Result "1/2-1/2"]
[WhiteElo "1483"]
[BlackElo "2112"]
[PlyCount "74"]
[EventDate "2016.06.23"]
[EventType "swiss"]
[EventRounds "7"]
[EventCountry "CAN"]

1. e4 e5 2. Nf3 Nc6 3. Bb5 a6 4. Ba4 Nf6 5. O-O Be7 6. Re1 b5 7. Bb3 d6 8. h3
Na5 9. c3 Nxb3 10. axb3 O-O 11. d4 exd4 12. cxd4 d5 13. e5 Ne4 14. Nc3 Bb7 15.
Bf4 f6 16. exf6 Bxf6 17. Bh2 c5 18. Qd3 cxd4 19. Nxd4 Nxf2 20. Qe3 Bxd4 21.
Qxd4 Qg5 22. Re3 Ne4 23. Nxe4 dxe4 24. Rg3 Qe7 25. Rc3 Rad8 26. Qe3 Qf6 27.
Rac1 Rd3 28. Qe2 Qd4+ 29. Kh1 Rxc3 30. bxc3 Qf2 31. Qg4 e3 32. Be5 Qf7 33. Re1
Re8 34. Rxe3 Re6 35. Qf4 Qxf4 36. Bxf4 Rxe3 37. Bxe3 Bd5 1/2-1/2

[Event "Laval op"]
[Site "Laval CAN"]
[Date "2016.06.24"]
[Round "3.3"]
[White "Libersan, Thierry"]
[Black "Steinberg, Ellis"]
[Result "1-0"]
[WhiteElo "2043"]
[BlackElo "1581"]
[PlyCount "49"]
[EventDate "2016.06.23"]
[EventType "swiss"]
[EventRounds "7"]
[EventCountry "CAN"]

1. e4 g6 2. d4 d6 3. Nf3 Bg7 4. Bc4 Nf6 5. Qe2 O-O 6. O-O c6 7. e5 Nd5 8. h3
Na6 9. Nc3 Nac7 10. Nxd5 cxd5 11. Bd3 Bf5 12. Bxf5 gxf5 13. a4 Rc8 14. Ra3 Qd7
15. Nh4 dxe5 16. dxe5 Na6 17. Rg3 Kh8 18. Qh5 Bxe5 19. Nf3 Bf6 20. Bh6 Rg8 21.
Qxf7 Nc5 22. Rd1 Rxg3 23. fxg3 d4 24. Ng5 Bxg5 25. Bg7# 1-0

[Event "Laval op"]
[Site "Laval CAN"]
[Date "2016.06.24"]
[Round "3.4"]
[White "Huang, Qiuyu"]
[Black "Have, Didier"]
[Result "1-0"]
[WhiteElo "1964"]
[BlackElo "1974"]
[PlyCount "59"]
[EventDate "2016.06.23"]
[EventType "swiss"]
[EventRounds "7"]
[EventCountry "CAN"]

1. e4 d5 2. exd5 Nf6 3. d4 Bg4 4. Nf3 Qxd5 5. Be2 Nc6 6. O-O O-O-O 7. c3 Qf5 8.
h3 h5 9. Ng5 Bxe2 10. Qxe2 Qg6 11. f4 e6 12. Nd2 Nh7 13. Ndf3 Nxg5 14. fxg5 h4
15. b4 Bd6 16. Ne5 Nxe5 17. dxe5 Be7 18. Qf2 c5 19. Be3 f6 20. Bxc5 Bxc5 21.
Qxc5+ Kb8 22. exf6 Rd5 23. Qe7 Rxg5 24. Qd6+ Ka8 25. f7 Rxg2+ 26. Kh1 Rg1+ 27.
Rxg1 Qxf7 28. Raf1 Qe8 29. Rxg7 Qb5 30. Rf8+ 1-0

[Event "Laval op"]
[Site "Laval CAN"]
[Date "2016.06.24"]
[Round "3.5"]
[White "Chipanga, Takaedza"]
[Black "Trahan, Daniel"]
[Result "1/2-1/2"]
[WhiteElo "2125"]
[BlackElo "1962"]
[PlyCount "130"]
[EventDate "2016.06.23"]
[EventType "swiss"]
[EventRounds "7"]
[EventCountry "CAN"]

1. d4 Nf6 2. c4 e6 3. Nf3 b6 4. g3 Ba6 5. Qc2 c5 6. Bg2 Bb7 7. O-O cxd4 8. Nxd4
Bxg2 9. Kxg2 Qc7 10. f3 Be7 11. Nb5 Qc6 12. Bf4 Na6 13. N1a3 O-O 14. e4 d6 15.
Rfd1 Rfd8 16. Rac1 Nc5 17. b4 Nb7 18. Nd4 Qe8 19. Bd2 Rdc8 20. Qb3 a6 21. b5 a5
22. Nc6 Bf8 23. Nc2 Nd7 24. N2d4 g6 25. Be1 e5 26. Ne2 Nd8 27. Nxd8 Rxd8 28.
Nc3 Rab8 29. Nd5 Rdc8 30. Bf2 Qe6 31. Rc2 f5 32. Qd3 Nc5 33. Qe2 fxe4 34. fxe4
Bh6 35. Bxc5 dxc5 36. Rf1 Rf8 37. h3 Bg5 38. Rc3 Rxf1 39. Qxf1 Rf8 40. Rf3 Rxf3
41. Qxf3 h5 42. Qd3 Qd6 43. Nb4 Qd4 44. Qxd4 exd4 45. Nd3 Bd8 46. Kf3 Kf7 47.
g4 hxg4+ 48. Kxg4 Ke6 49. h4 Bc7 50. Kg5 Bd8+ 51. Kxg6 Bxh4 52. Kg7 Be7 53. Kg6
Bd6 54. Kg5 Bc7 55. Kg6 Be5 56. Kh7 Bc7 57. Kg7 Bd6 58. Kg6 Be5 59. Kg5 Bc7 60.
Kg4 Bd6 61. Kf3 Bc7 62. Nf2 Bd8 63. Ng4 Bg5 64. Ke2 Bf4 65. Kd3 Bc7 1/2-1/2

[Event "Laval op"]
[Site "Laval CAN"]
[Date "2016.06.24"]
[Round "3.6"]
[White "Lavergne, Daniel"]
[Black "Soudre, Nicolas"]
[Result "1/2-1/2"]
[WhiteElo "1818"]
[BlackElo "2084"]
[PlyCount "64"]
[EventDate "2016.06.23"]
[EventType "swiss"]
[EventRounds "7"]
[EventCountry "CAN"]

1. e4 e5 2. Nf3 Nc6 3. d4 exd4 4. Nxd4 Nf6 5. Nxc6 bxc6 6. Bd3 Bc5 7. Nc3 d5 8.
Qf3 Be6 9. h3 Rb8 10. e5 Nd7 11. Qg3 Bd4 12. f4 g6 13. Be3 Bxe3 14. Qxe3 c5 15.
Qf2 c4 16. f5 cxd3 17. fxe6 fxe6 18. O-O Rf8 19. Qxa7 dxc2 20. Rxf8+ Kxf8 21.
Qf2+ Kg7 22. Qxc2 Qe7 23. Re1 Qc5+ 24. Kh1 d4 25. Qd2 Nxe5 26. Na4 Qd5 27. Qf4
Nf7 28. Qxc7 Rb7 29. Qc5 Qxc5 30. Nxc5 Rxb2 31. Nxe6+ Kf6 32. Nxd4 Rxa2 1/2-1/2

[Event "Laval op"]
[Site "Laval CAN"]
[Date "2016.06.24"]
[Round "3.7"]
[White "Gil, Bernardo"]
[Black "Eshleman, Brandon"]
[Result "0-1"]
[WhiteElo "1547"]
[BlackElo "2043"]
[PlyCount "80"]
[EventDate "2016.06.23"]
[EventType "swiss"]
[EventRounds "7"]
[EventCountry "CAN"]

1. d4 Nf6 2. Nf3 g6 3. e3 Bg7 4. Bd3 c5 5. O-O O-O 6. b3 cxd4 7. exd4 d5 8.
Nbd2 Nc6 9. a3 Re8 10. Bb2 Bg4 11. h3 Bxf3 12. Nxf3 Rc8 13. Re1 Nd7 14. c4 e5
15. dxe5 Ndxe5 16. Nxe5 Nxe5 17. Bxe5 Rxe5 18. Rxe5 Bxe5 19. Rb1 dxc4 20. bxc4
b6 21. Rb5 Qf6 22. Qe2 Re8 23. g3 Re6 24. Qc2 Bd4 25. Rb1 Qf3 26. Bf1 Qxg3+ 27.
Bg2 Rf6 28. Rf1 Qxa3 29. Qe4 Qc5 30. Qe2 Kg7 31. Bf3 Qe5 32. Bg4 Qf4 33. Kg2 h5
34. Bf3 Qg5+ 35. Kh1 Qh4 36. Kh2 Rf5 37. Rg1 Qxf2+ 38. Qxf2 Bxf2 39. Rf1 Rxf3
40. Kg2 Rf6 0-1

[Event "Laval op"]
[Site "Laval CAN"]
[Date "2016.06.24"]
[Round "3.8"]
[White "Mathieu, Guillaume"]
[Black "Jacquet, Stephane"]
[Result "0-1"]
[WhiteElo "2037"]
[BlackElo "1969"]
[PlyCount "90"]
[EventDate "2016.06.23"]
[EventType "swiss"]
[EventRounds "7"]
[EventCountry "CAN"]

1. e4 d6 2. d4 Nf6 3. Nd2 e5 4. c3 g6 5. Ngf3 Nbd7 6. Bc4 Bg7 7. O-O O-O 8. Re1
c6 9. Nf1 d5 10. exd5 cxd5 11. dxe5 dxc4 12. exf6 Nxf6 13. Bg5 Qc7 14. Qe2 Be6
15. Ne3 Rfe8 16. Nd4 Rac8 17. Qf3 Nd7 18. Nxe6 Rxe6 19. Nd5 Ne5 20. Qg3 Qc5 21.
Rad1 Rce8 22. Be3 Qa5 23. b4 Qd8 24. Nf4 Nd3 25. Nxe6 Rxe6 26. Re2 Bxc3 27. Rc2
Qf6 28. Bg5 Qd4 29. Be3 Qf6 30. Bc5 Be5 31. Qf3 Qxf3 32. gxf3 b5 33. a3 Ra6 34.
Ra2 Nxc5 35. Rd5 Nd3 36. Rxb5 Kg7 37. Rc2 Rc6 38. Rd5 Rc7 39. b5 Kf6 40. Kf1 h5
41. Rd8 Nf4 42. a4 Ne6 43. Ra8 Nd4 44. Rc1 c3 45. a5 Nxb5 0-1

[Event "Laval op"]
[Site "Laval CAN"]
[Date "2016.06.24"]
[Round "3.9"]
[White "Johnson, Nicholas"]
[Black "Saha, Ananda"]
[Result "0-1"]
[WhiteElo "1992"]
[BlackElo "1845"]
[PlyCount "68"]
[EventDate "2016.06.23"]
[EventType "swiss"]
[EventRounds "7"]
[EventCountry "CAN"]

1. c4 Nf6 2. g3 g6 3. Bg2 Bg7 4. Nc3 O-O 5. e4 d6 6. Nge2 c5 7. O-O Nc6 8. d3
a6 9. h3 Rb8 10. a4 Bd7 11. Be3 e5 12. f4 Nd4 13. g4 b5 14. axb5 axb5 15. Rb1
bxc4 16. dxc4 Rb4 17. b3 Qb6 18. g5 Nxe2+ 19. Qxe2 Nh5 20. Nd5 Qb8 21. Qd1 exf4
22. Nxb4 fxe3 23. Nc2 e2 24. Qxe2 Ng3 25. Qd3 Nxf1 26. Rxf1 Be5 27. Ne3 Be6 28.
Nd5 Bxd5 29. exd5 Qb7 30. Be4 Rb8 31. Qf3 Qxb3 32. Rb1 Bd4+ 33. Kh2 Qa2+ 34.
Qg2 Be5+ 0-1

[Event "Laval op"]
[Site "Laval CAN"]
[Date "2016.06.24"]
[Round "3.10"]
[White "Morin, Louis"]
[Black "Langlois-Remillard, Alexis"]
[Result "1-0"]
[WhiteElo "1894"]
[BlackElo "1797"]
[PlyCount "77"]
[EventDate "2016.06.23"]
[EventType "swiss"]
[EventRounds "7"]
[EventCountry "CAN"]

1. e4 e6 2. d4 d5 3. exd5 exd5 4. Bd3 Bd6 5. Ne2 Ne7 6. Bf4 Nbc6 7. c3 Bf5 8.
O-O Bxd3 9. Qxd3 Bxf4 10. Nxf4 Qd6 11. Qf3 O-O-O 12. b4 Ng6 13. Nd3 Nce7 14.
Nd2 Kb8 15. Rfe1 Rhf8 16. a4 Nh4 17. Qf4 Qxf4 18. Nxf4 Nef5 19. Re5 g5 20. Nd3
f6 21. Re2 Rfe8 22. Rae1 Ng7 23. Re7 Rxe7 24. Rxe7 Rg8 25. g3 Ng6 26. Rf7 f5
27. Nf3 h6 28. Rf6 Ne7 29. Rxh6 f4 30. g4 c6 31. h3 Kc7 32. Nde5 Nc8 33. Rh7
Nd6 34. Nxg5 Kc8 35. Ngf7 Nxf7 36. Nxf7 Ne8 37. Rh8 Rxh8 38. Nxh8 Nf6 39. f3
1-0

[Event "Laval op"]
[Site "Laval CAN"]
[Date "2016.06.24"]
[Round "3.11"]
[White "Gauthier, Denis"]
[Black "Johnson-Constantin, Matthieu"]
[Result "1/2-1/2"]
[WhiteElo "1849"]
[BlackElo "1869"]
[PlyCount "72"]
[EventDate "2016.06.23"]
[EventType "swiss"]
[EventRounds "7"]
[EventCountry "CAN"]

1. d4 Nf6 2. c4 g6 3. Nc3 Bg7 4. e4 d6 5. Bd3 O-O 6. Nge2 e5 7. O-O Nc6 8. d5
Ne7 9. Ng3 Ne8 10. f4 f5 11. Qc2 fxe4 12. Ncxe4 Nf5 13. fxe5 Bxe5 14. Nxf5 Bxf5
15. Bg5 Qd7 16. Rae1 Ng7 17. Bh6 Rae8 18. b4 b6 19. Kh1 Bxe4 20. Bxe4 Qe7 21.
Rxf8+ Rxf8 22. g3 Qd7 23. Bg2 Qf5 24. Qxf5 Rxf5 25. Be3 Bc3 26. Rb1 Re5 27. Bf4
Re2 28. c5 Bxb4 29. Bf3 Rf2 30. Rxb4 Rxf3 31. cxd6 cxd6 32. Bxd6 Rf1+ 33. Kg2
Rd1 34. Bb8 Rxd5 35. Bxa7 Rd2+ 36. Kf3 Rxa2 1/2-1/2

[Event "Laval op"]
[Site "Laval CAN"]
[Date "2016.06.24"]
[Round "3.12"]
[White "Beaulieu, Pierre"]
[Black "Gauthier, Luc"]
[Result "0-1"]
[WhiteElo "1781"]
[BlackElo "1805"]
[PlyCount "120"]
[EventDate "2016.06.23"]
[EventType "swiss"]
[EventRounds "7"]
[EventCountry "CAN"]

1. b3 f5 2. Bb2 e6 3. Nf3 Nf6 4. e3 b6 5. Be2 Bb7 6. c4 Be7 7. O-O O-O 8. d4 h6
9. Nc3 d6 10. d5 e5 11. Qc2 Nh7 12. b4 Nd7 13. Rfd1 Ng5 14. Ne1 e4 15. Bf1 Bf6
16. Ne2 Be5 17. Nf4 Qf6 18. Rab1 Bxb2 19. Rxb2 Ne5 20. c5 Bc8 21. Rbb1 Nh7 22.
cxd6 cxd6 23. Qb3 g5 24. Ne6 Rf7 25. Rbc1 f4 26. exf4 gxf4 27. Qc2 e3 28. f3
Bxe6 29. dxe6 Rg7 30. e7 Qxe7 31. Qe4 Rf8 32. Nd3 Ng5 33. Qd5+ Kh8 34. Nxe5
dxe5 35. Kh1 e4 36. Rc6 exf3 37. Rxh6+ Nh7 38. Qxf3 Qg5 39. Rh3 Kg8 40. Bc4+
Kh8 41. Rd5 Qf6 42. Rd1 Qc3 43. Qxf4 Rgf7 44. Rxe3 Rxf4 45. Rxc3 Rc8 46. g3
Rfxc4 47. Rxc4 Rxc4 48. Rd8+ Kg7 49. Rd7+ Kg6 50. Rxa7 Rxb4 51. a4 Rb2 52. a5
bxa5 53. Rxa5 Ng5 54. Ra3 Kf5 55. h4 Ne4 56. h5 Kg4 57. h6 Nxg3+ 58. Kg1 Rb1+
59. Kg2 Rb2+ 60. Kg1 Rb1+ 0-1

[Event "Laval op"]
[Site "Laval CAN"]
[Date "2016.06.24"]
[Round "3.13"]
[White "Lesage, Philippe"]
[Black "Chevalier, Francois"]
[Result "1/2-1/2"]
[WhiteElo "1802"]
[BlackElo "1768"]
[PlyCount "39"]
[EventDate "2016.06.23"]
[EventType "swiss"]
[EventRounds "7"]
[EventCountry "CAN"]

1. Nf3 Nf6 2. c4 e6 3. g3 d5 4. Bg2 Be7 5. O-O O-O 6. d4 dxc4 7. Ne5 Nc6 8.
Nxc6 bxc6 9. Bxc6 Rb8 10. Bg2 Bb7 11. Bxb7 Rxb7 12. Nc3 c5 13. e3 cxd4 14. exd4
Qd7 15. Rb1 Rd8 16. Be3 Nd5 17. Qe2 Qc6 18. Nxd5 exd5 19. Rfc1 Qe6 20. Qf3
1/2-1/2